000 01873nkc a2200289za 4500
001 84540
003 OSt
005 20260423155037.0
007 kh boc
008 250410s1909 sp ||||| ||||||0| i|spa d
040 _cM-RABA
_aM-RABA
_bspa
245 0 3 _aEl emperador Teodosio va a entrar en el templo de Milán y San Ambrosio se lo impide
_h[Material gráfico]
_c/ José Tomás
246 _aSan Ambrosio impide al Emperador Teodosio entrar en el templo de Milán
260 _b[Hauser y Menet]
_c,[ca. 1909]
300 _a1 fotografía
_b: gelatina de plata
_c; imagen 20 x 12 cm
_c; soporte secundario 30 x 24 cm
500 _aFotografía del relieve "San Ambrosio impide al Emperador Teodosio entrar en el templo de Milán" de José Tomás, obteniendo el primer premio de la clase primera en 1757. Se conserva en el Museo de la Real Academia de Bellas Artes de San Fernando con nº de inventario E-246.
500 _aUna fotografía montada sobre un soporte secundario de cartón, con texto manuscrito a lápiz en la parte inferior al recto: "El emperador Teodosio va a entrar en el templo de Milán y San Ambrosio se lo impide. D. José Tomás. Académico de mérito en 1757". Nota manuscrita al verso a lápiz rojo: "1757-1ª clase / Académico de mérito"
500 _aFecha probable de la realización de la fotografía realizada por Hauser y Menet.
544 _aArchivo de la Real Academia de Bellas Artes de San Fernando (Le-4-29-1)
610 2 4 _aReal Academia de Bellas Artes de San Fernando.
_975832
651 7 _aMadrid
_2embne
_975182
655 7 _aFotografías de obras de arte
_975675
710 2 _aHauser y Menet (Madrid)
_950978
852 _jFot-597
856 _3Fot-597
_uhttps://archivoybiblioteca.realacademiabellasartessanfernando.com/cgi-bin/koha/opac-retrieve-file.pl?id=28fd957d7c733be63ac1cf36bd21052e
942 _2ddc
_cFOTOGRAFÍA
_n0
999 _c84540
_d84540